Algebra and mensuration / (Record no. 39470)

MARC details
000 -LEADER
fixed length control field 00666nam a22001937a 4500
005 - DATE AND TIME OF LATEST TRANSACTION
control field 20100805142024.0
010 ## - LCCN (DPL NO)
LC control number ENG-98253
020 ## - INTERNATIONAL STANDARD BOOK NUMBER
International Standard Book Number 9788190804387
Terms of availability 100.00
035 ## - SYSTEM CONTROL NUMBER
System control number EN-81786
037 ## - SOURCE OF ACQUISITION
Source of stock number/acquisition DBAD/PUB
082 ## - DEWEY DECIMAL CLASSIFICATION NUMBER
Classification number 512.0712
100 ## - MAIN ENTRY--PERSONAL NAME
Personal name Santhi,V.
245 ## - TITLE STATEMENT
Title Algebra and mensuration /
Statement of responsibility, etc by V.Santhi
260 ## - PUBLICATION, DISTRIBUTION, ETC. (IMPRINT)
Place of publication, distribution, etc Tamilnadu
Name of publisher, distributor, etc Brain Touch Publications
Date of publication, distribution, etc 2008
270 ## - ADDRESS
Address SJK Nagar,Golf Link Road ,Finger Post
City Ooty
Postal code 643002
300 ## - PHYSICAL DESCRIPTION
Extent 117p.
Dimensions 29cm (pbk)
942 ## - ADDED ENTRY ELEMENTS (KOHA)
Source of classification or shelving scheme Dewey Decimal Classification
Item type English Books
Classification part 512.0712
Call number suffix SAN
Holdings
Withdrawn status Lost status Not for loan Collection code Home library Current library Date acquired Cost, normal purchase price Full call number Barcode Cost, replacement price Koha item type
    Not For Loan Non-fiction D.B.Act.Division D.B.Act.Division 05/08/2010 100.00 512.0712 SAN EN-81786 100.00 English Books

© Delhi Public Library
Hit Counter
free hit counter